Kvantitatívna makroekonómia
Saved in:
| Main Author: | |
|---|---|
| Corporate Author: | |
| Format: | Book |
| Language: | Slovak |
| Published: |
Bratislava
Vydavateľstvo EKONÓM
2005
|
| Subjects: | |
| Tags: |
No Tags, Be the first to tag this record!
|
MARC
| LEADER | 00000nam$a2200000$$$4500 | ||
|---|---|---|---|
| 001 | 0039799 | ||
| 005 | 20240502071505.3 | ||
| 020 | |a 80-225-2080-2 | ||
| 041 | 0 | |a slo | |
| 044 | |a SK | ||
| 245 | 1 | 0 | |a Kvantitatívna makroekonómia |c Rastislav Jurga |
| 264 | 1 | |a Bratislava |b Vydavateľstvo EKONÓM |c 2005 | |
| 300 | |a 132 s. | ||
| 610 | 2 | 0 | |a makroekonomika |
| 610 | 2 | 0 | |a ekonómia matematická |
| 610 | 2 | 0 | |a modely makroekonomické |
| 610 | 2 | 0 | |a multiplikátor |
| 610 | 2 | 0 | |a akumulácia kapitálu |
| 610 | 2 | 0 | |a modely rastu |
| 610 | 2 | 0 | |a rast hospodársky |
| 610 | 2 | 0 | |a pokrok technický |
| 610 | 2 | 0 | |a sektory hospodárske |
| 610 | 2 | 0 | |a úspory |
| 100 | 1 | |a Jurga, Rastislav | |
| 710 | 2 | |a Ekonomická univerzita v Bratislave. Podnikovohospodárska fakulta so sídlom v Košiciach | |